Science Quiz

Random Science or Geology Quiz

Bowen's reaction series Quiz Stats

 Plays Quiz not verified by Sporcle

Score 0/7 Timer 01:00
0 Plays Today
% Correct
Olivine
95.9%
Pyroxene
82.5%
Amphibole
73.1%
Biotite
69%
Quartz
52.2%
Muscovite
42.9%
Orthoclase
38.1%

You're not logged in!

Compare scores with friends on all Sporcle quizzes.
OR
Log In

Show Comments

Extras

Created Oct 19, 2010ReportNominate
Tags:Geology Quiz, mineral, reaction

Top Quizzes Today


Score Distribution

Your Account Isn't Verified!

In order to create a playlist on Sporcle, you need to verify the email address you used during registration. Go to your Sporcle Settings to finish the process.

Report this User

Report this user for behavior that violates our Community Guidelines.

Details: